000 00312nam a22001337a 4500
008 181107b xxu||||| |||| 00| 0 eng d
020 _a9781416058847
041 _aeng
080 _a610
100 _a3
101 _aSHM
245 _aJoint Of Motion And Muscle Leght Testinf
_cNancy.B
942 _2udc
_cBK
999 _c52116
_d52116